Obal potraviny-spojenie príjemného s užitočným a vhodným

Základné funkcie obalov. Ochrana pred znehodnotením, racionalizácia prepravy a manipulácie s výrobkom, komunikácia a informovanie zákazníka. Obal reagujúci na životný štýl a potreby spotrebiteľa. Obal ako odpad. Ekologický aspekt obalu. Zdravotná nezávadnosť obalov potravín.

Enregistré dans:
Détails bibliographiques
Auteur principal: Kajánková, Katarína
Format: Chapitre de livre
Langue:slovaque
Sujets:
Tags: Ajouter un tag
Pas de tags, Soyez le premier à ajouter un tag!

MARC

LEADER 00000naa$a2200000$$$4500
001 0066236
005 20240502071802.7
041 0 |a slo 
044 |a SK 
245 1 0 |a Obal potraviny-spojenie príjemného s užitočným a vhodným  |c Katarína Kajánková 
520 |a Základné funkcie obalov. Ochrana pred znehodnotením, racionalizácia prepravy a manipulácie s výrobkom, komunikácia a informovanie zákazníka. Obal reagujúci na životný štýl a potreby spotrebiteľa. Obal ako odpad. Ekologický aspekt obalu. Zdravotná nezávadnosť obalov potravín. 
610 2 0 |a obaly 
610 2 0 |a potraviny 
610 2 0 |a preprava 
610 2 0 |a ochrana zdravia 
610 2 0 |a odpad 
100 1 |a Kajánková, Katarína